Na miestach posledného odpočinku

Podrobná bibliografia
Hlavný autor: Malíková, Mária (Autor)
Médium: Článok
Jazyk:slovenčina
Fyzický popis:Fotogr.
ISSN:1337-5857
Predmet:

MARC

LEADER 00000nab a2200000 ar4500
001 vtls010195803
003 SK-MaSNL
005 20260303092217.0
008 101208c2010 xo ||||||||||||00 b|slo
015 |a SNBRB2010/12  |2 snkbucl 
038 |a SNKBUCL 
040 |a SNKBUCL  |b slo  |c SNKBUCL  |e AACR2 
041 |a slo 
044 |a xo  |c SK 
080 |a 636.8  |2 2001 
100 1 |a Malíková, Mária  |4 aut  |9 6678 
245 1 0 |a Na miestach posledného odpočinku  |c Mária Malíková 
300 |b Fotogr. 
650 0 7 |a mačky  |2 snkbucl  |9 2793 
650 0 7 |a cintoríny  |2 snkbucl  |9 2946 
773 0 |t Moja mačka  |g Roč. 4, č. 4 (2010), s. 42-43  |x 1337-5857 
852 |a SNK  |b KIS3GCP 
999 |c 1811249  |d 1813179